Introducció a la programació / Yves Chapon
ISBN:
84-7794-177-7
Descripción Física:
21 p. ; 30 cm
Colección:
Papers de gestió ; 3
MARC
| LEADER | 00000nam a2200000Ia 4500 | ||
|---|---|---|---|
| 001 | 10323 | ||
| 008 | 160829s1992 xx 000 0 cat d | ||
| 020 | |a 84-7794-177-7 | ||
| 080 | |a M-3-132 | ||
| 100 | |a Chapon, Yves |9 30818 | ||
| 245 | |a Introducció a la programació / Yves Chapon | ||
| 260 | |a Barcelona : |b Diputació de Barcelona. Servei d'Acció Local, |c 1992 | ||
| 300 | |a 21 p. ; |c 30 cm | ||
| 490 | |a Papers de gestió ; 3 | ||
| 590 | |a Títol a la coberta: Programa d'Assessorament Municipal en Gestió d'Obres | ||
| 650 | |a Obres públiques |x Direcció i administració |9 38682 | ||
| 710 | 1 | |a Barcelona (Catalunya : Província). |b Servei d'Acció Local |9 55536 | |
| 901 | |a Arxiu | ||
| 942 | |n 1 | ||
| 952 | |0 0 |1 0 |4 0 |6 M3132 |7 1 |9 48533 |a Arxiu |b Arxiu |d 2016-12-01 |l 0 |o M-3-132 |p 10323 |r 2016-12-01 00:00:00 |w 2016-12-01 |y ARXIU | ||
| 999 | |c 52362 |d 52362 | ||